Random Kpop song quiz (5) - Statistics

General Stats
  • This quiz has been taken 30 times
  • The average score is 13 of 30
Answer Stats
Hint Answer % Correct
Russian Roulette Red Velvet
93%
Loco ITZY
90%
OMG Newjeans
90%
Eleven IVE
83%
Dance The Night Away TWICE
83%
Forever Young BLACKPINK
79%
Fire BTS
72%
Maria HWASA
72%
Work ATEEZ
66%
Bad Girl, Good Girl miss A
59%
Thirsty aespa
52%
Celebrity IU
48%
Starry Night MAMAMOO
48%
90's Love NCT U
48%
Boom NCT DREAM
34%
The Stealer THE BOYZ
34%
Congratulation Day6
31%
Dumhdurum Apink
28%
Candy BAEKHYUN
17%
Power EXO
17%
Luna ONEUS
17%
Four Seasons TAEYEON
17%
Empty WINNER
14%
As You Wish WJSN
14%
Movie BTOB
10%
Do or Not PENTAGON
10%
Good Guy SF9
10%
Ugly EVNNE
7%
Last Romeo INFINITE
7%
I'll Be Yours Girl's Day
3%
No matching quizzes found
Score Distribution
Percent of People with Each Score
Percentile by Number Answered
Your Score History
You have not taken this quiz